Statistics for Geography by Letter on the World Map - I

Click here to take the quiz!

General Stats

  • This quiz has been taken 7,740 times
    (1,952 since last reset)
  • The average score is 14 of 20

Answers on the Map

Answers color-coded by a green-red scale on the quiz's map according to % correct below.
Loading ...
 

Answer Stats

Answer% Correct
Ireland
99%
Iceland
99%
Italy
98%
Indian Ocean
98%
Idaho
96%
Istanbul
95%
Iberia
94%
Iowa
94%
Illinois
93%
Indochina
81%
Indianapolis
80%
Indus
75%
Islamabad
63%
Izmir
58%
Ionian Sea
54%
Inner Mongolia
42%
Iwo Jima
39%
Irkutsk Oblast
34%
Ibadan
23%
Irrawaddy River
19%

Score Distribution

Percentile by Number Answered

Percent of People with Each Score

Your Score History

You have not taken this quiz since the last reset